000 00566nam a2200169 i 4500
001 85784
003 ES-MaACL
005 20230906175316.0
007 t|
008 041201s1969 sp ||||1| spa d
100 1 _aJungmann, Josef Andreas.
_967301
245 1 3 _aEl servicio de la Palabra, a la luz de la Teología y de la historia /
_cJosef Andreas Jungmann ; [tradujo, Juan José de Bergareche].
260 _aSalamanca :
_bSígueme,
_c1969.
300 _a139 p. ;
_c19 cm.
700 1 _aBergareche, Juan José de.
_927936
852 _aES-MaACL
_jC-35906
_bR.69770
999 _c85784
_d85784